00957nam a2200277 i 450000100060000000300090000600500170001500700030003200800410003502000180007608000140009408000230010810000290013124500580016025000120021826000380023030000220026849000770029060000290036765000290039665000350042583000580046085200220051899900170054095201220055713103ES-MaACL20250811081608.0t|971203s1997 sp |||| | spa d a84-922335-1-6 a800.1"19" a1 Derrida, Jacques1 aDerrida, Jacques.94379710aCómo no hablar. Y otros textos / cJacques Derrida. a2ª ed. aBarcelona : bProyecto A, c1997. a159 p. ; c24 cm.1 aCuadernos A. Biblioteca universitaria. Antología ; v2. aAntologías14aDerrida, Jacques.94379714aDeconstrucción.911540 4aLenguaje-xFilosofía.91434400aCuadernos A. pBiblioteca universitaria v2. 9228354 aES-MaACLjL-20444 c13103d13103 00104070aATENEOMbATENEOMcDEPO2d2008-01-17eSCl0oL-20444p1013343r2023-02-23 00:00:00w2023-02-23yMONOGRAFIA